|
|
|
|
| LEADER |
00896nam a2200265 4500 |
| 001 |
DLU200195085 |
| 005 |
##20201001 |
| 040 |
# |
# |
|a DLU
|b vie
|
| 041 |
# |
# |
|a vie
|
| 044 |
# |
# |
|a vn
|
| 100 |
# |
# |
|a Hà Thị Lan Phương.
|
| 245 |
# |
# |
|a Những thành tựu về pháp luật tố tụng của Triều đại Lê Thánh Tông trong lịch sử tư pháp Việt Nam /
|c Hà Thị Lan Phương, Lê Ngọc Duy.
|
| 653 |
# |
# |
|a Lịch sử tư pháp tố tụng
|
| 653 |
# |
# |
|a Pháp luật tố tụng
|
| 653 |
# |
# |
|a Triều đại Lê Thánh Tông
|
| 700 |
# |
# |
|a Lê Ngọc Duy.
|
| 773 |
# |
# |
|t Nghề luật
|g Số 3, 2018, tr. 52-58
|
| 920 |
# |
# |
|a Phòng Tạp chí -- Trung tâm Thông tin - Thư viện Trường Đại học Đà Lạt
|
| 900 |
# |
# |
|a True
|
| 911 |
# |
# |
|a Nguyễn Thị Thu Phương
|
| 925 |
# |
# |
|a G
|
| 926 |
# |
# |
|a A
|
| 927 |
# |
# |
|a BB
|
| 980 |
# |
# |
|a Thư viện Trường Đại học Đà Lạt
|